Friendships Endure in Heaven /

Kaydedildi:
Detaylı Bibliyografya
Yazar: MacMahon, J.R (autor)
Materyal Türü: Kitap
Dil:İngilizce
Baskı/Yayın Bilgisi: Dublín, Irlanda : Irish Messenger Publications, 1960
Etiketler: Etiketle
Etiket eklenmemiş, İlk siz ekleyin!

MARC

LEADER 00000nam^a2200000^a^4500
001 000578369
005 20250521000000.0
009 20260310132508.116
037 |a Acervo Xavier Clavigero 
041 |a ING 
091 |a FIP. 01148 
100 |a MacMahon, J.R.  |e (autor) 
245 1 0 |a Friendships Endure in Heaven / 
264 1 |a Dublín, Irlanda :  |b Irish Messenger Publications,  |c 1960 
300 |a 20 p. 
336 |a texto  |b txt  |2 rdacontenido 
337 |a sin mediación  |b n  |2 rdamedio 
338 |a volumen  |b nc  |2 rdasoporte 
649 |a XX 
910 |a Fondo Manuel Ignacio Pérez Alonso S.J. 
920 |a Impresos - Libros 
930 |a Fondos Especiales 
905 |a 140 
901 |a 0500404707  |b IT2  |c ESP  |i D  |u 20250521 
902 |a https://opac.biblio.iteso.mx/vufind/Record/000578369